00437nam a22001577a 4500003000400000005001700004008004100021040000800062082001000070245005700080260005200137300001100189490001600200630001600216650004700232OSt20181206093807.0181205b ||||| |||| 00| 0 eng d cDLC a248.5 aThe Comfort Of THe Scriptures /cBy S.Maxwell Coder. aIllinois, USA :bMoody Bible Institute,cc1965. a30 p.: aMoody Manna aMoody Manna a2 Tim: 2:15xThe Comfort Of The Scriptures